000
00355nam a2200169Ia 4500
100
_a
Verma/Shalini
650
_a
General
942
_c
BK
366
_f
10
654
_a
body language
245
_a
Body language:Your success mantra
260
_b
S.Chand & Co.
_c
2008
082
_a
302.222
_b
VER
300
_a
173
546
_a
ENGLISH
999
_c
30687
_d
30687